स्वास्थ्य-रक्षक बहेड़ा / (Record no. 12995)
[ view plain ]
| 000 -LEADER | |
|---|---|
| fixed length control field | 03652 a2200385 4500 |
| 005 - DATE AND TIME OF LATEST TRANSACTION | |
| control field | 20080825112722.0 |
| 008 - FIXED-LENGTH DATA ELEMENTS--GENERAL INFORMATION | |
| fixed length control field | 080825t xxu||||| |||| 00| 0 hin d |
| 010 ## - LCCN (DPL NO) | |
| LC control number | B-300484-490 HIN-84048 |
| 020 ## - INTERNATIONAL STANDARD BOOK NUMBER | |
| International Standard Book Number | 8186098887 |
| Terms of availability | 100.00 |
| 035 ## - SYSTEM CONTROL NUMBER | |
| System control number | HN-56394 |
| 035 ## - SYSTEM CONTROL NUMBER | |
| System control number | B-300484-490 |
| 037 ## - SOURCE OF ACQUISITION | |
| Stock number | DBAD / PUB |
| 037 ## - SOURCE OF ACQUISITION | |
| Stock number | पापुलर बुक डिपो |
| 040 ## - CATALOGING SOURCE | |
| Original cataloging agency | DPL |
| Language of cataloging | HN |
| 082 ## - DEWEY DECIMAL CLASSIFICATION NUMBER | |
| Classification number | 615.538 |
| 100 ## - MAIN ENTRY--PERSONAL NAME | |
| Personal name | विजयवर्गीय, अनुराग |
| 245 ## - TITLE STATEMENT | |
| Title | स्वास्थ्य-रक्षक बहेड़ा / |
| Statement of responsibility, etc | अनुराग विजयवर्गीय |
| 260 ## - PUBLICATION, DISTRIBUTION, ETC. (IMPRINT) | |
| Place of publication, distribution, etc | जयपुर |
| Name of publisher, distributor, etc | पापुलर बुक डिपो (वितरक) |
| Date of publication, distribution, etc | 2007 |
| 260 ## - PUBLICATION, DISTRIBUTION, ETC. (IMPRINT) | |
| Place of publication, distribution, etc | जयपुर |
| Name of publisher, distributor, etc | नारायण प्रकाशन |
| Date of publication, distribution, etc | 2007 |
| 270 ## - ADDRESS | |
| Address | जी-15, एस.एस.टॉवर , धामाणी गली, चौड़ा रास्ता |
| City | जयपुर |
| Postal code | 302003 |
| 270 ## - ADDRESS | |
| Address | जी-15, एस.एस.टॉवर , धामाणी गली, चौड़ा रास्ता |
| City | जयपुर |
| Postal code | 302003 |
| 300 ## - PHYSICAL DESCRIPTION | |
| Extent | 41पृ |
| Dimensions | 22 सेमी (सजिल्द) |
| 650 ## - SUBJECT ADDED ENTRY--TOPICAL TERM | |
| Topical term or geographic name as entry element | आयुर्वेद चिकित्सा उपचार |
| 650 ## - SUBJECT ADDED ENTRY--TOPICAL TERM | |
| Topical term or geographic name as entry element | Ayurveda medicine therapy |
| 942 ## - ADDED ENTRY ELEMENTS (KOHA) | |
| Institution code [OBSOLETE] | dpl |
| Item type | Hindi Books |
| Source of classification or shelving scheme | Dewey Decimal Classification |
| Classification part | 615.53 विजय |
| Call number prefix | 615.53 |
| Call number suffix | विजय |
| Withdrawn status | Lost status | Source of classification or shelving scheme | Damaged status | Not for loan | Collection code | Home library | Current library | Date acquired | Source of acquisition | Cost, normal purchase price | Total Checkouts | Full call number | Barcode | Date last seen | Copy number | Cost, replacement price | Koha item type |
|---|---|---|---|---|---|---|---|---|---|---|---|---|---|---|---|---|---|
| Dewey Decimal Classification | Non-fiction | Bawana | Bawana | 16/05/2009 | पापुलर बुक डिपो/1273/24.9.08/334/4.9.08/3.10.09 | 100.00 | 1 | 615.53 विजय विजय | B-300489 | 17/06/2019 | 1 | 100.00 | Hindi Books | ||||
| Dewey Decimal Classification | Non-fiction | Central Library | Central Library | 16/05/2009 | पापुलर बुक डिपो/1273/24.9.08/334/4.9.08/3.10.09 | 100.00 | 615.53 विजय | B-300484 | 16/05/2009 | 1 | 100.00 | Hindi Books | |||||
| Dewey Decimal Classification | Not For Loan | Non-fiction | D.B.Act.Division | D.B.Act.Division | 25/08/2008 | DBAD / PUB | 100.00 | उ विजय | HN-56394 | 15/09/2008 | 1 | 100.00 | Hindi Books | ||||
| Dewey Decimal Classification | Non-fiction | Mobile Library | Mobile Library | 16/05/2009 | पापुलर बुक डिपो/1273/24.9.08/334/4.9.08/3.10.09 | 100.00 | 615.53 विजय विजय | B-300485 | 16/05/2009 | 2 | 100.00 | Hindi Books | |||||
| Dewey Decimal Classification | Non-fiction | Mobile Library | Mobile Library | 16/05/2009 | पापुलर बुक डिपो/1273/24.9.08/334/4.9.08/3.10.09 | 100.00 | 615.53 विजय विजय | B-300486 | 16/05/2009 | 2 | 100.00 | Hindi Books | |||||
| Dewey Decimal Classification | Non-fiction | Patel Nagar | Patel Nagar | 16/05/2009 | पापुलर बुक डिपो/1273/24.9.08/334/4.9.08/3.10.09 | 100.00 | 1 | 615.53 विजय विजय | B-300487 | 05/02/2020 | 1 | 100.00 | Hindi Books | ||||
| Dewey Decimal Classification | Non-fiction | Sarojini Nagar | Sarojini Nagar | 16/05/2009 | पापुलर बुक डिपो/1273/24.9.08/334/4.9.08/3.10.09 | 100.00 | 1 | 615.53 विजय विजय | B-300488 | 13/01/2010 | 1 | 100.00 | Hindi Books | ||||
| Dewey Decimal Classification | Non-fiction | Shahdara Branch | Shahdara Branch | 16/05/2009 | पापुलर बुक डिपो/1273/24.9.08/334/4.9.08/3.10.09 | 100.00 | 615.53 विजय विजय | B-300490 | 16/05/2009 | 1 | 100.00 | Hindi Books |
